Statistics for #1 Hits of the 1980s Quiz

Click here to take the quiz!

General Stats

  • This quiz has been taken 61,105 times
    (61,075 since last reset)
  • The average score is 55 of 148

Answer Stats

#1's Artist % Correct
1Paul McCartney
and Michael Jackson
95%
8Michael Jackson
94%
7Madonna
92%
1Aretha Franklin and
George Michael
85%
4George Michael
85%
4Bon Jovi
80%
2Janet Jackson
76%
1Phil Collins
and Marilyn Martin
75%
6Whitney Houston
74%
2Queen
74%
6Phil Collins
74%
2Prince and
the Revolution
73%
3Billy Joel
73%
2Prince
73%
1Diana Ross
and Lionel Richie
70%
3Wham!
70%
1Guns N' Roses
70%
1The Police
70%
2Cyndi Lauper
68%
2The Bangles
67%
4Lionel Richie
67%
2U2
66%
1Paul McCartney
and Stevie Wonder
66%
1Toto
63%
1a-ha
62%
1Pink Floyd
61%
2Stevie Wonder
61%
1Eurythmics
58%
1Dolly Parton
57%
1Tina Turner
56%
3Blondie
54%
1Culture Club
53%
1Van Halen
53%
2Rick Astley
51%
1UB40
51%
2Duran Duran
51%
1Dire Straits
50%
3Starship
50%
1Bonnie Tyler
49%
1The Beach Boys
49%
2Tears for Fears
48%
1Survivor
47%
5Daryl Hall and
John Oates
47%
1David Bowie
46%
1Genesis
46%
2Men at Work
45%
1Poison
45%
1Bette Midler
45%
1Joan Jett
and the Blackhearts
45%
1Kenny Loggins
44%
2Olivia Newton-John
44%
1Peter Gabriel
44%
1Pet Shop Boys
42%
1Falco
41%
3Paula Abdul
41%
2Heart
41%
3Huey Lewis and
the News
41%
1John Cougar
41%
1Belinda Carlisle
40%
1Whitesnake
40%
1Paul McCartney
40%
1Billy Idol
39%
3Billy Ocean
39%
2Kenny Rogers
38%
2Tiffany
38%
2Roxette
37%
3Milli Vanilli
37%
1Foreigner
37%
1Bryan Adams
37%
1John Parr
37%
2New Kids On
the Block
36%
1Robert Palmer
36%
1Rick Springfield
35%
1Bananarama
35%
1Berlin
35%
1Bobby Brown
34%
2REO Speedwagon
34%
1Dexys Midnight
Runners
34%
2Simply Red
33%
1Bobby McFerrin
33%
2Fine Young Cannibals
32%
2The Human League
32%
2Chicago
31%
1Simple Minds
31%
1INXS
31%
1George Harrison
30%
3Richard Marx
30%
1Irene Cara
30%
2Mr. Mister
29%
1Diana Ross
29%
1Def Leppard
28%
1Ray Parker, Jr.
27%
1The J. Geils Band
27%
1Kool & the Gang
27%
1Yes
27%
1Kim Carnes
27%
1Steve Miller Band
26%
1Toni Basil
26%
1Cutting Crew
25%
1Boston
25%
2Christopher Cross
24%
1Joe Cocker and
Jennifer Warnes
24%
1John Lennon
24%
2Steve Winwood
23%
1Los Lobos
23%
1Mike + The Mechanics
23%
1Dionne and Friends
21%
1Sheena Easton
21%
1Bill Medley and
Jennifer Warnes
21%
1Martika
21%
1Lipps Inc
20%
1Terence Trent D'Arby
20%
1Barbra Streisand
20%
1Peter Cetera
and Amy Grant
20%
2Debbie Gibson
19%
1Vangelis
19%
1USA for Africa
19%
1Peter Cetera
19%
1Paul Young
19%
1Kim Wilde
17%
1Gloria Estefan and
Miami Sound Machine
17%
1Deniece Williams
16%
1Jan Hammer
16%
1Gloria Estefan
16%
1John Waite
16%
1Rupert Holmes
14%
1Cheap Trick
14%
1Eddie Rabbitt
13%
1KC and the
Sunshine Band
13%
1Michael Sembello
13%
1Bruce Hornsby &
the Range
12%
1Air Supply
12%
1Captain & Tennille
11%
1Bob Seger
10%
1Bad English
10%
1Patti LaBelle and
Michael McDonald
10%
2Lisa Lisa and
Cult Jam
10%
1Club Nouveau
7%
1The Escape Club
7%
1Gregory Abbott
6%
1Ready for the World
6%
1Patti Austin
and James Ingram
6%
1Atlantic Starr
6%
1Exposé
6%
1Sheriff
5%
1Billy Vera
and the Beaters
5%
1Michael Damian
5%
1Will to Power
5%

Score Distribution

Percentile by Number Answered

Percent of People with Each Score

Your Score History

You have not taken this quiz since the last reset